000 00216nam a2200097Ia 4500
008 190216s9999||||xx |||||||||||||| ||und||
100 _aDostoyevsky
245 0 _aMaryadakkaranaya Kallan
260 _bNull
942 _cBK
999 _c23988
_d23988